000 00432nam a22001697a 4500
003 OSt
005 20260515133610.0
008 260515b |||||||| |||| 00| 0 eng d
020 _a9789355517081
082 _a620.535 TIF
100 _aTICKOO,Sham
245 _aFinite Element Analysis with ANSYS Workbench 2023 R2
250 _a1st Ed
260 _aNew Delhi
_bBPB Publication
_c2026
300 _a11.40 MISC
942 _2ddc
_cREF
999 _c13956
_d13956